000 00776nas a2200277 4500
001 BR0803679
003 BR-BrBNA
005 20231205112309.0
007 ta
008 230509b bl.|||p| |||| 00| 00por d
040 _aBR-BrBNA
_bpor
_cBiblioteca Nacional de Agricultura
041 _a(Pt)
072 _aE70; E16
100 1 _aAnon.
245 1 _aBiodiesel 2; ajuste do programa
650 _aRECURSO ENERGÉTICO
650 _aBIOCOMBUSTÍVEL
650 _aÓLEO DIESEL
650 _aCONSUMO
650 _aDADOS ESTATÍSTICOS
650 _aCUSTO DE PRODUÇÃO
650 _aCOMERCIALIZAÇÃO
773 0 _tAgroanalysis (Brazil)
_xISSN 0100-4298
_g(Oct 2007), v. 27(10) p. 16-17
_wBR0803679
909 _a202311
_bLúcia
_c55
_dLúcia Elande
942 _2AGRIS
_n0
_cANA
999 _c197261
_d197261